000 00686nam a2200229Ia 4500
003 OSt
005 20220926044733.0
006 a|||||r|||| 00| 0
007 ta
008 220923b |||||||| |||| 00| 0 eng d
037 _cGeneral Book
040 _aRTL
_cRTL
_beng
041 _2eng
_aeng
082 _aV51.8.N6, K4
100 _aLangrod Georges
_9349374
245 0 _aReorganisation of public administration in Greece
260 _c1964
490 _aOrganisation for Economic Copperation and Development (Paris), Problems of Development
650 _aEurope History
_914786
942 _hV51.8.N6, K4
_cGB
_2CC
999 _c675648
_d675648